Dependency and imperialism in the new times: a Latin American perspective /

Đã lưu trong:
Chi tiết về thư mục
Tác giả chính: Munck, Ronaldo
Định dạng: Texto
Những chủ đề:
Các nhãn: Thêm thẻ
Không có thẻ, Là người đầu tiên thẻ bản ghi này!

MARC

LEADER 00000 a a2200000 04500
001 18643
003
040
100 |a Munck, Ronaldo  
245 |a Dependency and imperialism in the new times:   |b a Latin American perspective /  |c Ronaldo Munck 
650 |a TEORIA  
650 |a DEPENDENCIA ECONOMICA  
650 |a IMPERIALISMO  
650 |a LIBERALIZACION DEL INTERCAMBIO  
650 |a DESARROLLO ECONOMICO  
773 |g volumen 11, número 1; páginas 56-74  
999 |c 26335  |d 26335